The way to the lantern. (Record no. 2813)

MARC details
000 -LEADER
fixed length control field 00786cam a2200241u 4500
001 - CONTROL NUMBER
control field 2813
003 - CONTROL NUMBER IDENTIFIER
control field FISKH
005 - DATE AND TIME OF LATEST TRANSACTION
control field 20240116095107.0
008 - FIXED-LENGTH DATA ELEMENTS--GENERAL INFORMATION
fixed length control field 830714s1961 enk 000 0 eng
010 ## - LIBRARY OF CONGRESS CONTROL NUMBER
LC control number 61065447
040 ## - CATALOGING SOURCE
Original cataloging agency DLC
Transcribing agency CarP
Modifying agency DLC
Language of cataloging eng
043 ## - GEOGRAPHIC AREA CODE
Geographic area code e-fr---
050 00 - LIBRARY OF CONGRESS CALL NUMBER
Classification number PZ3.L6474
Item number Way2
Classification number PR6062.I47
082 ## - DEWEY DECIMAL CLASSIFICATION NUMBER
Classification number 813.08
100 1# - MAIN ENTRY--PERSONAL NAME
Personal name Lindop, Audrey Erskine,
Dates associated with a name 1920-1987
245 14 - TITLE STATEMENT
Title The way to the lantern.
Statement of responsibility, etc. Audrey Erskine Lindop
260 ## - PUBLICATION, DISTRIBUTION, ETC.
Place of publication, distribution, etc. London :
Name of publisher, distributor, etc. Collins,
Date of publication, distribution, etc. 1961
300 ## - PHYSICAL DESCRIPTION
Extent 448 pages :
Dimensions 23 cm.
520 ## - SUMMARY, ETC.
Summary, etc. An English actor and confidence trickster rises to prominence during the era of the French Revolution.
651 #0 - SUBJECT ADDED ENTRY--GEOGRAPHIC NAME
Geographic name France
General subdivision History
Chronological subdivision Revolution, 1789-1799
General subdivision Fiction.
906 ## - LOCAL DATA ELEMENT F, LDF (RLIN)
a 0
b cbc
c premunv
d u
e ncip
f 19
g y-gencatlg
942 ## - ADDED ENTRY ELEMENTS (KOHA)
Source of classification or shelving scheme Dewey Decimal Classification
Koha item type Books
Suppress in OPAC No
Holdings
Withdrawn status Lost status Source of classification or shelving scheme Damaged status Not for loan Collection Home library Current library Shelving location Date acquired Total Checkouts Full call number Barcode Date last seen Price effective from Koha item type
    Dewey Decimal Classification     Fiction Footprints International School Library Network Toul Kork Campus Footprints International School Library Network Toul Kork Campus   01/16/2024   LIN 813.08 PZ3.L6474 2024-0033 01/16/2024 01/16/2024 Books